000 00758nam a22002537a 4500
001 BR8306597
003 BR-BrBNA
005 20230928091835.0
007 ta
008 230509b bl.||||| |||| 00| 0 por d
040 _aBR-BrBNA
_bpor
_cBiblioteca Nacional de Agricultura
041 _a(Por)
072 _aN20
_b4520
090 _ 4520 BR8306597
100 1 _aGomes, J.F.
245 1 _aCultivador revolver todo construido em madeira
_bApresentado no 1. Concurso de Equipamentos Agricolas Apropriados ao Pequeno Produtor Rural
260 3 _aRecife, PE (Brasil):
_c1983.
300 _a3 p.
650 _aCULTIVADOR MANUAL
650 _aIMPLEMENTO AGRICOLA
650 _aTECNOLOGIA APROPRIADA
909 _a202309
_bLucia
_c55
_dLucia Elande
942 _cBK
999 _c35820
_d35820